|
|
|
|
| LEADER |
00000nam0a2200000 4500 |
| 001 |
360016 |
| 005 |
20250211063213.0 |
| 035 |
|
|
|a (RuTPU)RU\TPU\retro\17323
|
| 035 |
|
|
|a RU\TPU\retro\17322
|
| 090 |
|
|
|a 360016
|
| 100 |
|
|
|a 20210219d1969 k y0rusy5003 ca
|
| 101 |
0 |
|
|a rus
|
| 102 |
|
|
|a RU
|
| 105 |
|
|
|a y z 001zy
|
| 200 |
1 |
|
|a Электромеханика
|e [тематический сборник]
|f Московский энергетический институт ; под ред. Н. И. Челнокова
|h Ч. 1
|
| 210 |
|
|
|a Москва
|c Изд-во МЭИ
|d 1969
|
| 215 |
|
|
|a 258 с.
|c табл., ил.
|
| 225 |
1 |
|
|a Труды Московского энергетического института (МЭИ)
|v Вып. 71
|
| 320 |
|
|
|a Библиогр. в конце ст.
|
| 500 |
1 |
0 |
|a Труды Московского энергетического института
|9 88841
|
| 606 |
1 |
|
|a Электромеханика
|2 stltpush
|3 (RuTPU)RU\TPU\subj\20251
|9 45364
|
| 610 |
1 |
|
|a преобразователи частоты
|
| 610 |
1 |
|
|a электромагнитный момент
|
| 610 |
1 |
|
|a пульсации
|
| 610 |
1 |
|
|a обжимные станы
|
| 610 |
1 |
|
|a релейный регулятор
|
| 610 |
1 |
|
|a системы управления
|
| 610 |
1 |
|
|a электроприводы
|
| 610 |
1 |
|
|a электрошпиндели
|
| 610 |
1 |
|
|a незатухающие токи
|
| 610 |
1 |
|
|a влияющие факторы
|
| 610 |
1 |
|
|a асинхронный электродвигатель
|
| 610 |
1 |
|
|a частотное торможение
|
| 610 |
1 |
|
|a оптимальный режим
|
| 610 |
1 |
|
|a двигатели
|
| 610 |
1 |
|
|a переходные процессы
|
| 610 |
1 |
|
|a системы управления
|
| 610 |
1 |
|
|a металлорежущие станки
|
| 610 |
1 |
|
|a генераторы
|
| 610 |
1 |
|
|a самовозбуждение
|
| 610 |
1 |
|
|a конденсаторные асинхронные двигатели
|
| 610 |
1 |
|
|a прокатные станы
|
| 610 |
1 |
|
|a релейное управление
|
| 610 |
1 |
|
|a регуляторы скорости
|
| 610 |
1 |
|
|a вентильные преобразователи
|
| 610 |
1 |
|
|a режимы работы
|
| 610 |
1 |
|
|a математическое моделирование
|
| 610 |
1 |
|
|a магнитное поле
|
| 610 |
1 |
|
|a исследования
|
| 610 |
1 |
|
|a сеточное моделирование
|
| 610 |
1 |
|
|a расчетная характеристика
|
| 610 |
1 |
|
|a индукторные генераторы
|
| 610 |
1 |
|
|a статистические характеристики
|
| 610 |
1 |
|
|a расчет
|
| 675 |
|
|
|a 621.3
|
| 702 |
|
1 |
|a Чиликин
|b М. Г.
|4 340
|
| 712 |
0 |
2 |
|a Московский энергетический институт
|c (1930-1992)
|3 (RuTPU)RU\TPU\col\20092
|9 27693
|
| 801 |
|
0 |
|a RU
|b 63413507
|c 19950704
|g psbo
|
| 801 |
|
1 |
|a RU
|b 63413507
|c 20060118
|g PSBO
|
| 801 |
|
2 |
|a RU
|b 63413507
|c 20220208
|g PSBO
|
| 942 |
|
|
|c BK
|